| 000 | 01064nam a2200241Ia 4500 | ||
|---|---|---|---|
| 001 | 18122 | ||
| 003 | GE_BSU | ||
| 008 | 181216s||||||||xx |||||||||||||| ||und|| | ||
| 020 | _aISSN 1512-3154 | ||
| 040 | _cGE_BSU | ||
| 080 | _a94(100)''15/18''(082) | ||
| 245 | _aახალი და უახლესი ისტორიის საკითხები=Studies in Modern and Contemporary History | ||
| 245 | _bკრებული | ||
| 245 | _cრედ. ლ. სარალიძე. ა. სონღულაშვილი | ||
| 250 | _aივანე ჯავახიშვილის სახ. სახ-ფო უნ-ტი. ისტორიის და ეღნოლოგიის ინ-ტი | ||
| 260 | _aთბილისი | ||
| 260 | _bუნივერსალი | ||
| 260 | _c2015 | ||
| 300 | _a379გვ.21სმ. | ||
| 520 | _aპარალ სათ. ინგ. ენ. | ||
| 653 | _aახალი და უახლესი ისტორიის საკითხები 2(17) | ||
| 942 | _cBK | ||
| 999 |
_c51163 _d51163 |
||